Lyautey / (Record no. 101286)
[ view plain ]
| 000 -LEADER | |
|---|---|
| campo de control de longitud fija | 00698nam a2200217 i 4500 |
| 001 - NÚMERO DE CONTROL | |
| campo de control | 101286 |
| 003 - IDENTIFICADOR DE NÚMERO DE CONTROL | |
| campo de control | ES-MaACL |
| 005 - FECHA Y HORA DE LA ÚLTIMA TRANSACCIÓN | |
| campo de control | 20251012212443.0 |
| 007 - CAMPO FIJO DE DESCRIPCIÓN FÍSICA--INFORMACIÓN GENERAL | |
| campo de control de longitud fija | t| |
| 008 - DATOS DE LONGITUD FIJA--INFORMACIÓN GENERAL | |
| campo de control de longitud fija | 051017s1943 sp ||||1| spa d |
| 100 1# - ENTRADA PRINCIPAL--NOMBRE DE PERSONA | |
| Nombre de persona | Maurois, André, |
| Fechas asociadas al nombre | 1885-1967 |
| 9 (RLIN) | 79267 |
| 245 10 - MENCIÓN DEL TÍTULO | |
| Título | Lyautey / |
| Mención de responsabilidad, etc. | André Maurois, [seud.] de Emile Herzog; traducción de María Luz Morales. |
| 260 ## - PUBLICACIÓN, DISTRIBUCIÓN, ETC. | |
| Lugar de publicación, distribución, etc. | Barcelona : |
| Nombre del editor, distribuidor, etc. | Surco, |
| Fecha de publicación, distribución, etc. | 1943. |
| 300 ## - DESCRIPCIÓN FÍSICA | |
| Extensión | 271 p., 6 lám. ; |
| Dimensiones | 23 cm. |
| 490 1# - MENCIÓN DE SERIE | |
| Mención de serie | Las nieves de ayer |
| 600 17 - PUNTO DE ACCESO ADICIONAL DE MATERIA--NOMBRE DE PERSONA | |
| Nombre de persona | Lyautey, Hubert, |
| Fechas asociadas al nombre | 1854-1934 |
| Fuente del encabezamiento o término | |
| 9 (RLIN) | 165230 |
| 700 1# - ENTRADA AGREGADA--NOMBRE PERSONAL | |
| Nombre de persona | Morales, María Luz, |
| Fechas asociadas al nombre | 1889-1980 |
| 9 (RLIN) | 83001 |
| 830 0# - PUNTO DE ACCESO ADICIONAL DE SERIE-TÍTULO UNIFORME | |
| Título uniforme | Las nieves de ayer |
| 9 (RLIN) | 184597 |
| 852 ## - LOCALIZACIÓN | |
| Ubicación | ES-MaACL |
| Número de control de estantería | B-10073 |
| Sublocalización o colección | R.20971 |
| Estatus retirado | Estado de pérdida | Estado de daño | No para préstamo | Biblioteca de origen | Biblioteca actual | Ubicación en estantería | Fecha de adquisición | Fuente de adquisición | Total de préstamos | Signatura topográfica completa | Código de barras | Visto por última vez | Precio de reemplazo | Tipo de ítem Koha |
|---|---|---|---|---|---|---|---|---|---|---|---|---|---|---|
| Biblioteca del Ateneo de Madrid | Biblioteca del Ateneo de Madrid | Sala Pardo Bazán | 17/01/2008 | B-10073 | 1105745 | 23/02/2023 | 23/02/2023 | Libro impreso |
